00314nam a2200121Ia 4500008004100000041000800041082001400049100001800063245002900081260003900110300003200149365001100181240624s9999 xx 000 0 und d aeng a658.1 WES aWESTON J FRED aMERGERS AND ACQUISITIONS c2009aNew DelhibTata McGraw- Hill aviii, : 264 : p. : cm. ; 23 cRSb30